| 000 | 00687nam a2200181Ia 4500 | ||
|---|---|---|---|
| 008 | 151018s9999 xx 000 0 und d | ||
| 082 |
_bRBASDV11780 _a891.463 |
||
| 100 | _aअर्ल स्टेनले गार्डनर | ||
| 245 | _aएका दगडात तीन पक्षी | ||
| 250 | _b1 | ||
| 260 |
_bविश्वमोहिनी _c1976 |
||
| 300 | _a120 | ||
| 600 | _aअर्ल स्टेनले गार्डनर | ||
| 630 | _aएका दगडात तीन पक्षी | ||
| 700 | _aअर्ल स्टेनले गार्डनर | ||
| 730 | _aएका दगडात तीन पक्षी | ||
| 942 | _cBOOK | ||
| 999 |
_c1014122 _d1014119 |
||